Loreto College Library, Kolkata
WEBOPAC (ONLINE PUBLIC ACCESS CATALOGUE)

Fireign policy in world politics (Record no. 1537)

MARC details
000 -LEADER
fixed length control field 00688nam a2200229Ia 4500
005 - DATE AND TIME OF LATEST TRANSACTION
control field 20240111092957.0
008 - FIXED-LENGTH DATA ELEMENTS--GENERAL INFORMATION
fixed length control field 131103s9999 xx 000 0 und d
020 ## - ISBN | অাই এস বি এন
ISBN | অাই এস বি এন 0-13-326470-X
040 ## - CATALOGING SOURCE
Original cataloging agency Loreto College
041 ## - LANGUAGE CODE
Language code English
082 ## - DDC | ডিউই
Classification number | বর্গসংখ্যা 327.1
Book Number | গ্রন্থাঙ্ক MAC
245 ## - TITLE STATEMENT | অাখ্যা বিবরণী
Title | অাখ্যা Fireign policy in world politics
Statement of responsibility | লেখকের দায়িত্বের বিবরণ edited by Roy C. Macridis
250 ## - EDITION STATEMENT | সংস্করণ ক্ষেত্র
Edition statement | সংস্করণ 4th ed.
260 ## - IMPRINT | প্রকাশনা ক্ষেত্র
Place of publication | প্রকাশ স্থান New Jersey
Name of publisher | প্রকাশকের নাম Prentice-Hall,Inc.
Date of publication | প্রকাশ কাল 1958(1972 printing)
300 ## - PHYSICAL DESCRIPTION |
Page / Vol. No | পৃষ্ঠা / খন্ড সংখ্যা xi,428 p.
Other physical details | অনান্য বাহ্যিক বিবরণ ill.,charts
504 ## - BIBLIOGRAPHY, ETC. NOTE
Bibliography, etc Includes bibliographical references and index
650 ## - SUBJECT ADDED ENTRY--TOPICAL TERM | বিষয় শিরোনাম - মূল বিষয়
Topical term | মূল বিষয় Politics - International Relations -
651 ## - SUBJECT ADDED ENTRY--GEOGRAPHIC NAME | বিষয় শিরোনাম - ভৌগলিক নাম
Geographic name | ভৌগলিক বিষয় Political Science -
700 ## - ADDED ENTRY--PERSONAL NAME | অতিরিক্ত সংলেখ - ব্
Personal name | ব্যাক্তিনাম Macridis, Roy C., ed.
850 ## - HOLDING INSTITUTION
Holding institution LCLIB
942 ## - ADDED ENTRY ELEMENTS (KOHA)
Koha item type Books
Holdings
Withdrawn status Lost status Source of classification Damaged status Not for loan Home library Current library Date acquired Total Checkouts Full call number Accession No. Date last seen Price effective from Koha item type Coded location qualifier
    Dewey Decimal Classification     Loreto College Loreto College 04/11/2013   327.1 MAC 20927 B2170 04/11/2013 04/11/2013 Books